| 000 | 00546nam a2200169 a 4500 | ||
|---|---|---|---|
| 001 | 000048636 | ||
| 005 | 20201002061306.0 | ||
| 008 | 190404s2015 000 spa d | ||
| 020 | _a9789945445138 | ||
| 040 |
_aDO-SdBNP _bspa _cBNPHU |
||
| 082 |
_axx _bxx |
||
| 100 | 1 |
_aPozo Cuesta, Féllix _976082 |
|
| 245 | 1 | 0 |
_aManual de gestión asociaciones sin fines de lucro República Dominicana / _cFélix Pozo Cuesta. |
| 260 |
_aSanto Domingo : _bLibros Editores e Impresores, _c2015. |
||
| 300 |
_a144 p. ; _c25 cm. |
||
| 590 | _aInventariado, 2019/VM | ||
| 999 |
_c48124 _d48124 |
||